[Event "2nd Kalyan Dombivali 2019"]
[Site "Kalyan"]
[Date "2019.01.29"]
[Round "1.16"]
[White "Javheri, Jaydev"]
[Black "Dalvi, Aashish"]
[Result "1-0"]
[WhiteElo "1675"]
[BlackElo "1089"]
[Annotator "NA RC"]
[PlyCount "101"]
[EventDate "2019.01.28"]
[EventType "swiss"]
[EventRounds "10"]
[EventCountry "IND"]
[SourceTitle "playchess.com"]
[Source "ChessBase"]
[SourceQuality "1"]
[TimeControl "5400+30"]

1. e4 {[%emt 0:00:00]} c6 {[%emt 0:00:18]} 2. Nf3 {[%emt 0:00:03]} d5 {[%emt 0:01:12]} 3. Nc3 {[%emt 0:02:14]} d4 {[%emt 0:07:04]} 4. Ne2 {[%emt 0:00:48]} c5 {[%emt 0:00:50]} 5. Ng3 {[%emt 0:01:41]} Nc6 {[%emt 0:00:51]} 6. Bb5 {[%emt 0:04:17]} Bd7 {[%emt 0:03:12]} 7. O-O {[%emt 0:00:19]} e6 {[%emt 0:04:12]} 8. d3 {[%emt 0:00:41]} Be7 {[%emt 0:03:12]} 9. Nh5 {[%emt 0:02:32]} Bf6 {[%emt 0:10:50]} 10. Bxc6 {[%emt 0:05:12]} Bxc6 {[%emt 0:00:47]} 11. e5 {[%emt 0:00:29]} Bxf3 {[%emt 0:01:51]} 12. exf6 {[%emt 0:05:33]} Bxd1 {[%emt 0:13:26]} 13. fxg7 {[%emt 0:00:25]} Bxh5 {[%emt 0:00:08]} 14. gxh8=Q {[%emt 0:00:54]} Kd7 {[%emt 0:01:01]} 15. Qe5 {[%emt 0:02:12]} Bg6 {[%emt 0:03:29]} 16. Qxc5 {[%emt 0:00:30]} Ke8 {[%emt 0:01:50]} 17. Bf4 {[%emt 0:03:24]} Ne7 {[%emt 0:07:07]} 18. Bg5 {[%emt 0:02:44]} Rc8 {[%emt 0:04:44]} 19. Qxe7+ {[%emt 0:04:10]} Qxe7 {[%emt 0:00:43]} 20. Bxe7 {[%emt 0:00:05]} Kxe7 {[%emt 0:00:08]} 21. Rac1 {[%emt 0:00:16]} e5 {[%emt 0:02:22]} 22. Rfd1 {[%emt 0:04:15]} b5 {[%emt 0:01:11]} 23. c3 {[%emt 0:00:31]} Rd8 {[%emt 0:04:24]} 24. cxd4 {[%emt 0:01:44]} Rxd4 {[%emt 0:01:03]} 25. f3 {[%emt 0:04:40]} Kd6 {[%emt 0:01:42]} 26. Rc8 {[%emt 0:00:56]} Kd7 {[%emt 0:00:27]} 27. Rc5 {[%emt 0:01:34]} e4 {[%emt 0:03:40]} 28. fxe4 {[%emt 0:00:46]} Bxe4 {[%emt 0:02:14]} 29. Rxb5 {[%emt 0:00:22]} Bd5 {[%emt 0:01:02]} 30. Ra5 {[%emt 0:00:43]} Kc6 {[%emt 0:03:34]} 31. Rxa7 {[%emt 0:00:36]} Rg4 {[%emt 0:00:28]} 32. Rd2 {[%emt 0:00:48]} Kb6 {[%emt 0:01:12]} 33. Re7 {[%emt 0:01:56]} Bxa2 {[%emt 0:01:10]} 34. b3 {[%emt 0:00:35]} Bxb3 {[%emt 0:01:47]} 35. Rb2 {[%emt 0:00:20]} Rb4 {[%emt 0:00:14]} 36. Rxf7 {[%emt 0:00:15]} Bxf7 {[%emt 0:01:23]} 37. Rxb4+ {[%emt 0:00:07]} Kc5 {[%emt 0:00:10]} 38. Rf4 {[%emt 0:00:21]} Bg6 {[%emt 0:01:41]} 39. d4+ {[%emt 0:00:08]} Kd5 {[%emt 0:00:22]} 40. Kf2 {[%emt 0:00:14]} Be4 {[%emt 0:00:24]} 41. Ke3 {[%emt 0:00:55]} Bxg2 {[%emt 0:00:31]} 42. Rh4 {[%emt 0:00:12]} Bh1 {[%emt 0:03:20]} 43. Rxh7 {[%emt 0:00:09]} Kd6 {[%emt 0:00:38]} 44. h4 {[%emt 0:00:19]} Bd5 {[%emt 0:00:12]} 45. Rh6+ {[%emt 0:00:16]} Kd7 {[%emt 0:00:24]} 46. Kf4 {[%emt 0:00:08]} Ke7 {[%emt 0:01:05]} 47. Ke5 {[%emt 0:00:13]} Bf7 {[%emt 0:00:12]} 48. Rh7 {[%emt 0:00:11]} Kf8 {[%emt 0:00:22]} 49. Kf6 {[%emt 0:00:20]} Bd5 50. Rh8+ Bg8 {[%emt 0:01:06]} 51. h5 {[%emt 0:00:38]} 1-0

[Event "2nd Kalyan Dombivali 2019"]
[Site "Kalyan"]
[Date "2019.01.29"]
[Round "1.17"]
[White "Tushar, V Thakker"]
[Black "Shreyas, Ghadi"]
[Result "0-1"]
[WhiteElo "1081"]
[BlackElo "1653"]
[Annotator "NA RC"]
[PlyCount "84"]
[EventDate "2019.01.28"]
[EventType "swiss"]
[EventRounds "10"]
[EventCountry "IND"]
[SourceTitle "playchess.com"]
[Source "ChessBase"]
[SourceQuality "1"]
[TimeControl "5400+30"]

1. e4 {[%emt 0:00:00]} e6 {[%emt 0:00:24]} 2. d4 {[%emt 0:00:05]} d5 {[%emt 0:00:05]} 3. e5 {[%emt 0:00:21]} c5 {[%emt 0:00:04]} 4. c3 {[%emt 0:00:32]} Nc6 {[%emt 0:00:05]} 5. a3 {[%emt 0:00:39]} f6 {[%emt 0:00:53]} 6. Nf3 {[%emt 0:02:22]} fxe5 {[%emt 0:01:23]} 7. dxe5 {[%emt 0:02:43]} Nge7 {[%emt 0:00:15]} 8. Bb5 {[%emt 0:01:28]} Qb6 {[%emt 0:03:05]} 9. Bxc6+ {[%emt 0:01:27]} Nxc6 {[%emt 0:00:27]} 10. O-O {[%emt 0:00:45]} Be7 {[%emt 0:00:33]} 11. b4 {[%emt 0:01:14]} O-O {[%emt 0:01:22]} 12. Be3 {[%emt 0:01:07]} Qc7 {[%emt 0:01:41]} 13. Re1 {[%emt 0:03:00]} cxb4 {[%emt 0:01:50]} 14. cxb4 {[%emt 0:01:32]} Nxe5 {[%emt 0:00:45]} 15. Nd4 {[%emt 0:03:15]} Nc4 {[%emt 0:01:30]} 16. Nd2 {[%emt 0:04:29]} Nxe3 {[%emt 0:05:59]} 17. fxe3 {[%emt 0:03:56]} Bd7 {[%emt 0:05:34]} 18. Rc1 {[%emt 0:01:43]} Qd6 {[%emt 0:01:12]} 19. Qh5 {[%emt 0:02:08]} e5 {[%emt 0:01:16]} 20. N4b3 {[%emt 0:04:37]} Rf5 {[%emt 0:02:35]} 21. Qe2 {[%emt 0:01:19]} Rf6 {[%emt 0:19:55]} 22. Rcd1 {[%emt 0:02:24]} Qe6 {[%emt 0:01:18]} 23. Rf1 {[%emt 0:01:38]} b6 {[%emt 0:00:49]} 24. Rxf6 {[%emt 0:01:14]} Bxf6 {[%emt 0:00:34]} 25. Nc1 {[%emt 0:04:20]} Rc8 {[%emt 0:01:13]} 26. Nf3 {[%emt 0:01:04]} Rc4 {[%emt 0:01:37]} 27. h3 {[%emt 0:03:26]} Rc3 {[%emt 0:02:04]} 28. Qd2 {[%emt 0:03:50]} Rxa3 {[%emt 0:01:17]} 29. Qxd5 {[%emt 0:00:50]} Qxd5 {[%emt 0:00:03]} 30. Rxd5 {[%emt 0:00:22]} Bc6 {[%emt 0:00:04]} 31. Rd1 {[%emt 0:00:34]} Rxe3 {[%emt 0:00:09]} 32. Kf2 {[%emt 0:01:31]} Rc3 {[%emt 0:00:47]} 33. Ne2 {[%emt 0:01:16]} Rc2 {[%emt 0:03:30]} 34. Nfg1 {[%emt 0:02:26]} Bb5 {[%emt 0:00:42]} 35. Ke1 {[%emt 0:01:35]} Rb2 {[%emt 0:00:49]} 36. Ra1 {[%emt 0:01:09]} a6 {[%emt 0:00:59]} 37. Nc3 {[%emt 0:01:28]} Rxg2 {[%emt 0:01:01]} 38. Nge2 {[%emt 0:01:03]} e4 {[%emt 0:00:30]} 39. Rc1 {[%emt 0:01:09]} Bd3 {[%emt 0:02:05]} 40. Nf4 {[%emt 0:05:54]} Rg1+ {[%emt 0:00:13]} 41. Kd2 {[%emt 0:00:27]} Rxc1 {[%emt 0:00:04]} 42. Kxc1 {[%emt 0:00:23]} Bxc3 {[%emt 0:00:06]} 0-1

[Event "2nd Kalyan Dombivali 2019"]
[Site "Kalyan"]
[Date "2019.01.29"]
[Round "1.18"]
[White "Ankur, Mahesh Gokhale"]
[Black "Kotur, Aman"]
[Result "1-0"]
[WhiteElo "1628"]
[BlackElo "1076"]
[Annotator "NA RC"]
[PlyCount "41"]
[EventDate "2019.01.28"]
[EventType "swiss"]
[EventRounds "10"]
[EventCountry "IND"]
[SourceTitle "playchess.com"]
[Source "ChessBase"]
[SourceQuality "1"]
[TimeControl "5400+30"]

1. e4 {[%emt 0:00:00]} c6 {[%emt 0:00:00]} 2. d4 {[%emt 0:00:00]} d5 {[%emt 0:00:00]} 3. exd5 {[%emt 0:00:00]} Qxd5 {[%emt 0:00:00]} 4. Nc3 {[%emt 0:00:02]} Qa5 {[%emt 0:00:00]} 5. Bd2 {[%emt 0:00:06]} Qb6 {[%emt 0:00:16]} 6. Nf3 {[%emt 0:00:15]} Bg4 {[%emt 0:00:47]} 7. Bc4 {[%emt 0:00:14]} e6 {[%emt 0:00:35]} 8. Bb3 {[%emt 0:03:11]} Nf6 {[%emt 0:01:36]} 9. h3 {[%emt 0:00:37]} Bxf3 {[%emt 0:00:54]} 10. Qxf3 {[%emt 0:00:08]} Qxd4 {[%emt 0:00:21]} 11. Be3 {[%emt 0:00:16]} Qe5 12. O-O-O {[%emt 0:00:12]} Qh5 {[%emt 0:00:53]} 13. g4 {[%emt 0:00:37]} Qg6 {[%emt 0:03:10]} 14. Nb5 {[%emt 0:11:44]} Na6 {[%emt 0:01:45]} 15. Nd4 {[%emt 0:14:52]} Rd8 {[%emt 0:02:13]} 16. Nxc6 {[%emt 0:00:40]} Ra8 {[%emt 0:03:02]} 17. Ba4 {[%emt 0:02:42]} Qe4 {[%emt 0:00:38]} 18. Qxe4 {[%emt 0:00:54]} Nxe4 {[%emt 0:00:01]} 19. Nb8+ {[%emt 0:01:00]} Ke7 {[%emt 0:00:28]} 20. Nxa6 {[%emt 0:00:11]} bxa6 {[%emt 0:00:06]} 21. Bc6 {[%emt 0:00:07]} 1-0

[Event "2nd Kalyan Dombivali 2019"]
[Site "Kalyan"]
[Date "2019.01.29"]
[Round "1.19"]
[White "Shantanu, Sachin Kotekar"]
[Black "Chhabra, Aakash"]
[Result "0-1"]
[WhiteElo "1075"]
[BlackElo "1620"]
[Annotator "NA"]
[PlyCount "88"]
[EventDate "2019.01.28"]
[EventType "swiss"]
[EventRounds "10"]
[EventCountry "IND"]
[SourceTitle "playchess.com"]
[Source "ChessBase"]
[SourceQuality "1"]
[TimeControl "5400+30"]

1. e4 {[%emt 0:00:00]} e6 {[%emt 0:00:00]} 2. d4 {[%emt 0:00:00]} d5 {[%emt 0:00:00]} 3. exd5 {[%emt 0:00:00]} exd5 {[%emt 0:00:00]} 4. Bd3 {[%emt 0:00:00]} c5 {[%emt 0:00:13]} 5. dxc5 {[%emt 0:01:17]} Bxc5 {[%emt 0:00:12]} 6. Nf3 {[%emt 0:00:11]} Nf6 {[%emt 0:00:16]} 7. O-O {[%emt 0:00:16]} O-O {[%emt 0:00:07]} 8. Bg5 {[%emt 0:00:10]} Bg4 {[%emt 0:00:39]} 9. Nbd2 {[%emt 0:00:32]} Nbd7 {[%emt 0:00:15]} 10. Re1 {[%emt 0:01:08]} Qb6 {[%emt 0:01:04]} 11. Bh4 {[%emt 0:01:01]} Qxb2 {[%emt 0:01:43]} 12. Rb1 {[%emt 0:02:55]} Qxa2 {[%emt 0:03:13]} 13. Rxb7 {[%emt 0:02:36]} Bb6 {[%emt 0:04:38]} 14. Qa1 {[%emt 0:01:18]} Qxa1 {[%emt 0:00:37]} 15. Rxa1 {[%emt 0:00:13]} Rfd8 {[%emt 0:06:08]} 16. h3 {[%emt 0:01:47]} Be6 {[%emt 0:00:18]} 17. Nb3 {[%emt 0:08:32]} d4 {[%emt 0:03:52]} 18. Bxf6 {[%emt 0:16:27]} gxf6 {[%emt 0:01:07]} 19. Be4 {[%emt 0:02:44]} Rab8 {[%emt 0:27:35]} 20. Rxb8 {[%emt 0:00:24]} Nxb8 {[%emt 0:00:07]} 21. Na5 {[%emt 0:02:33]} f5 {[%emt 0:02:17]} 22. Bd3 {[%emt 0:01:32]} Rc8 {[%emt 0:06:03]} 23. Nb3 {[%emt 0:03:38]} Nc6 {[%emt 0:03:28]} 24. Ra4 {[%emt 0:04:49]} Rd8 {[%emt 0:02:56]} 25. Bb5 {[%emt 0:08:37]} d3 {[%emt 0:01:16]} 26. Bxc6 {[%emt 0:02:51]} dxc2 {[%emt 0:00:11]} 27. Nbd4 {[%emt 0:02:41]} c1=Q+ {[%emt 0:01:04]} 28. Kh2 {[%emt 0:00:18]} Bxd4 {[%emt 0:00:12]} 29. Nxd4 {[%emt 0:00:12]} Qf4+ {[%emt 0:00:14]} 30. Kg1 {[%emt 0:00:29]} Rxd4 {[%emt 0:00:08]} 31. Rxd4 {[%emt 0:00:18]} Qxd4 {[%emt 0:00:10]} 32. Bf3 {[%emt 0:00:15]} Bd5 {[%emt 0:00:08]} 33. Bxd5 {[%emt 0:00:13]} Qxd5 {[%emt 0:00:08]} 34. f3 {[%emt 0:00:16]} f4 {[%emt 0:00:05]} 35. Kf2 {[%emt 0:00:06]} Qd2+ {[%emt 0:00:06]} 36. Kg1 {[%emt 0:00:13]} Qe1+ {[%emt 0:00:15]} 37. Kh2 {[%emt 0:00:07]} Qg3+ {[%emt 0:00:06]} 38. Kg1 {[%emt 0:00:08]} a5 {[%emt 0:00:07]} 39. Kh1 {[%emt 0:00:09]} a4 {[%emt 0:00:06]} 40. Kg1 {[%emt 0:00:14]} Qe1+ {[%emt 0:00:10]} 41. Kh2 {[%emt 0:00:10]} a3 {[%emt 0:00:06]} 42. h4 {[%emt 0:00:10]} a2 {[%emt 0:00:09]} 43. h5 {[%emt 0:00:13]} Qg3+ {[%emt 0:00:07]} 44. Kg1 {[%emt 0:00:28]} a1=Q# {[%emt 0:00:05]} 0-1

[Event "2nd Kalyan Dombivali 2019"]
[Site "Kalyan"]
[Date "2019.01.30"]
[Round "2.1"]
[White "Gusain, Himal"]
[Black "Kadam, Omkar R"]
[Result "1-0"]
[WhiteElo "2371"]
[BlackElo "1306"]
[Annotator "TA"]
[PlyCount "65"]
[EventDate "2019.01.28"]
[EventType "swiss"]
[EventRounds "10"]
[EventCountry "IND"]
[SourceTitle "playchess.com"]
[Source "ChessBase"]
[SourceQuality "1"]

{[%evp 9,65,42,60,54,62,60,65,52,52,52,50,59,58,48,45,44,49,23,87,75,81,93,122,117,125,110,120,114,116,92,113,91,112,41,78,54,86,89,88,67,63,51,130,130,137,142,139,127,156,156,152,145,169,174,180,178,225,225]} 1. Nf3 g6 2. h4 (2. d4 d6 3. c4 Bg7 4. Nc3 c6 5. e4 Bg4 6. Be2 Nd7 7. O-O Ngf6 8. Be3 O-O 9. h3 Bxf3 10. Bxf3 a6 11. a3 Rc8 12. Be2 b5 13. Qd2 Nb6 14. b3 Nfd7 15. Rfd1 bxc4 16. bxc4 c5 17. dxc5 Nxc5 {½-½ (31) Jakovenko,D (2735)-Andreikin,D (2719) St Petersburg 2018}) 2... h5 3. d4 d5 4. e3 $146 ({Predecessor:} 4. Bg5 Nc6 5. Nbd2 Bg7 6. e3 Bg4 7. c3 Nf6 8. Bb5 O-O 9. Qa4 Bd7 10. Qd1 {1-0 (32) Dzupin,D (2211)-Hastik,S (2024) Marianske Lazne 2013}) 4... c5 5. dxc5 Qa5+ 6. Bd2 {A04: Unusual lines after 1 Nf3 and King's Indian Attack} Qxc5 7. Bc3 Nf6 8. Bxf6 {White is slightly better.} exf6 9. Nc3 Be6 $1 10. Qd4 Qxd4 11. Nxd4 ({Reject} 11. exd4 a6 $15) 11... a6 12. O-O-O $36 {[%mdl 2048] White fights for an advantage.} Nc6 13. Be2 Nxd4 (13... O-O-O $11) 14. Rxd4 $16 Bc5 15. Rd3 Bf5 16. Rxd5 Rc8 17. Bf3 Be6 18. Rdd1 Rc7 19. Kb1 O-O 20. Bd5 Bf5 21. e4 (21. Be4 $16) 21... Bd7 22. f3 Rfc8 23. Bb3 {Strongly threatening Nd5.} Bc6 24. Ne2 b5 25. Nd4 a5 (25... Bd7 $14) 26. Nxc6 Rxc6 27. Rd7 Rf8 28. a3 a4 29. Bd5 {White is clearly better.} Rb6 30. c3 Rbb8 31. g4 hxg4 32. fxg4 Rbd8 {[#]} 33. Bxf7+ $1 {[%mdl 512] Precision: White = 64%, Black = 36%.} 1-0

[Event "2nd Kalyan Dombivali 2019"]
[Site "Kalyan"]
[Date "2019.01.30"]
[Round "2.2"]
[White "Lasani, H Kothari"]
[Black "Kulkarni, Vikramaditya"]
[Result "0-1"]
[WhiteElo "1311"]
[BlackElo "2345"]
[Annotator "TA"]
[PlyCount "38"]
[EventDate "2019.01.28"]
[EventType "swiss"]
[EventRounds "10"]
[EventCountry "IND"]
[SourceTitle "playchess.com"]
[Source "ChessBase"]
[SourceQuality "1"]

{[%evp 11,38,0,0,-28,-25,-18,9,11,12,3,-4,-166,-160,-147,-156,-143,-150,-652,-642,-2337,-701,-2322,-2316,-1729,-700,-1124,-1107,-29993,-29994]} 1. e4 e6 2. d4 d5 3. e5 c5 4. c3 Qb6 5. Nf3 Nc6 6. a3 f6 7. exf6 {C02: French: Advance Variation} (7. Bd3 fxe5 8. dxe5 c4 9. Bc2 g6 10. O-O Bg7 11. Nbd2 Nh6 12. b3 cxb3 13. Bxb3 O-O 14. c4 Na5 15. cxd5 Nxb3 16. Nxb3 exd5 {½-½ (76) Fedoseev,V (2706)-Stupak,K (2556) Sochi 2018}) 7... Nxf6 8. b4 cxd4 9. cxd4 {The position is equal.} Bd6 10. Bb2 O-O 11. Bd3 $2 {[#]} (11. Be2 $11) 11... e5 $1 $36 {[%cal Re5e4][%mdl 2560] Black has strong initiative.} 12. dxe5 {[#]} Ng4 $1 {[%csl Gg4][%cal Rb6f2][%mdl 64] Double Attack} 13. O-O Ncxe5 14. Be2 $146 {[#]} (14. Bxe5 $17 Bxe5 15. Nbd2) ({Predecessor:} 14. Qc2 Nxf3+ 15. gxf3 Bxh2+ {0-1 (23) Kouroglou,K (1533)-Serpetsidakis,N (2013) Achaia 2017}) 14... Nxf3+ $1 15. Bxf3 Bxh2+ 16. Kh1 Qh6 {( -> ...Bg3+)} 17. Bxg4 Be5+ (17... Bc7+ $142 18. Bh5 Rf5) 18. Bh3 Bxh3 19. Kg1 Bxg2 {Accuracy: White = 26%, Black = 76%.} 0-1

[Event "2nd Kalyan Dombivali 2019"]
[Site "Kalyan"]
[Date "2019.01.30"]
[Round "2.3"]
[White "Kathmale, Sameer"]
[Black "Bagwe, Suneet"]
[Result "1-0"]
[WhiteElo "2312"]
[BlackElo "1305"]
[Annotator "TA"]
[PlyCount "41"]
[EventDate "2019.01.28"]
[EventType "swiss"]
[EventRounds "10"]
[EventCountry "IND"]
[SourceTitle "playchess.com"]
[Source "ChessBase"]
[SourceQuality "1"]

{[%evp 11,41,26,41,0,52,58,69,66,71,0,0,0,0,0,0,0,0,0,0,-18,0,46,160,166,328,295,293,36,1678,1634,29996,29997]} 1. e4 c5 2. Nf3 e6 3. d4 cxd4 4. Nxd4 a6 5. c4 Nf6 6. Nc3 Bb4 7. e5 {B41: Sicilian: Kan Variation: 5 c4} (7. Qd3 Qc7 8. Nc2 Bc5 9. Be2 O-O 10. O-O Nc6 11. Kh1 d6 12. f4 Bd7 13. a3 Rad8 14. b4 Ba7 {½-½ (115) Karjakin,S (2782)-Caruana,F (2816) Paris 2018}) 7... Qa5 (7... Ne4 $1 $11 8. Bd2 Bxc3 9. bxc3 Nc6) 8. exf6 $14 Bxc3+ 9. bxc3 {White is slightly better.} Qxc3+ {[%mdl 64] Double Attack} 10. Qd2 ({White should try} 10. Bd2 $1 $16 {[%cal Rd2c3]} Qxd4 11. fxg7 Qxg7 12. Rc1) 10... Qxa1 $11 11. fxg7 Rg8 12. Be2 $36 {[%mdl 2048] White has the initiative.} Nc6 $1 ({Not} 12... Rxg7 13. O-O $16) 13. Nxc6 $1 dxc6 14. O-O {Strongly threatening Bb2.} Qxg7 {[%csl Gg8][%cal Rg7g2] [#]} 15. Bf3 $146 {Hoping for Rd1.} Bd7 (15... Qf6 $11 16. Rd1 e5) 16. Qb4 $14 b5 {[#]} ({Better is} 16... O-O-O $14) 17. Ba3 $1 $16 {[%csl Ga3][%cal Rb4e7][%mdl 1024] White has strong compensation.} f6 $2 (17... Qf8) 18. Rd1 a5 19. Qd6 $2 ({White has to play} 19. Qc5 $18 {aiming for cxb5.} b4 {[#]} 20. Rxd7 $1 {[%mdl 576] Remove Defender, Decoy} (20. Bxc6 Rd8 $18) 20... Qxd7 21. Bxc6 {[%mdl 64] Double Attack} bxa3 22. Qh5+ (22. Bxd7+ Kxd7 23. Qxa3 Ra7 $16) 22... Kd8 23. Bxd7 Kxd7 24. Qf7+ Kd6 25. Qxf6) 19... Rc8 $2 {[%mdl 8192]} (19... b4 $14 20. Bxc6 Rd8) 20. Bc5 $18 {White wants to mate with Bh5+.} Rf8 21. Bh5+ {Accuracy: White = 61%, Black = 25%.} 1-0

[Event "2nd Kalyan Dombivali 2019"]
[Site "Kalyan"]
[Date "2019.01.30"]
[Round "2.4"]
[White "Tejendra, Garge"]
[Black "Saurabh, Anand"]
[Result "0-1"]
[WhiteElo "1306"]
[BlackElo "2210"]
[Annotator "TA"]
[PlyCount "44"]
[EventDate "2019.01.28"]
[EventType "swiss"]
[EventRounds "10"]
[EventCountry "IND"]
[SourceTitle "playchess.com"]
[Source "ChessBase"]
[SourceQuality "1"]

{[%evp 9,44,-5,-16,19,-8,-47,1,9,15,6,16,-72,-80,-87,-47,-90,-80,-128,-129,-137,-141,-1536,-563,-596,-604,-686,-640,-751,-758,-1312,-1261,-2547,-1196,-2044,-1456,-2097,-1917]} 1. e4 e5 2. f4 $146 ({Predecessor:} 2. Nc3 Nf6 3. f4 d5 4. exd5 exf4 5. Nf3 Be7 {1-0 (37) Scheerer,C (2392)-Handke,F (2467) Germany 2005}) 2... exf4 3. Nf3 Nf6 4. Nc3 Be7 5. d4 d5 6. exd5 {C35: King's Gambit Accepted: 3 Nf3 Be7} Nxd5 7. Bd3 ({Predecessor:} 7. Nxd5 Qxd5 8. Be2 O-O 9. O-O c5 10. Bxf4 cxd4 11. Nxd4 Bc5 12. c3 Nc6 13. Bf3 Qd8 14. Be3 Ne5 15. Kh1 Qh4 {1-0 (37) Scheerer,C (2392)-Handke,F (2467) Germany 2005}) 7... Bh4+ 8. Kf1 {[#] Black must now prevent Nxd5.The position is equal.} Ne3+ 9. Bxe3 $1 fxe3 10. Nxh4 (10. Qe2 $11) 10... Qxh4 $17 {[%csl Ge3][%cal Rh4f2]} 11. Qf3 O-O 12. Re1 Qxd4 13. Nb5 Qb6 14. Qe4 {[%csl Gd3][%cal Re4h7]} g6 {Hoping for ...Bf5.} 15. g4 $2 {[%mdl 8192]} (15. Qxe3 $17 c6 16. Qxb6 axb6 17. Nc3) 15... Bd7 (15... Qf6+ $142 16. Kg2 Qf2+ 17. Kh3 h5) 16. Qxe3 Bxb5 17. Bxb5 Qxb5+ {[%mdl 64] [#] Double Attack} 18. Re2 Nc6 19. c3 Rae8 20. Qf2 Ne5 21. h3 Nd3 22. Qd4 Nc1 0-1

[Event "2nd Kalyan Dombivali 2019"]
[Site "Kalyan"]
[Date "2019.01.30"]
[Round "2.5"]
[White "Snehal, Bhosale"]
[Black "Arnav, Pradhan"]
[Result "1-0"]
[WhiteElo "2135"]
[BlackElo "1304"]
[Annotator "RC"]
[PlyCount "95"]
[EventDate "2019.01.28"]
[EventType "swiss"]
[EventRounds "10"]
[EventCountry "IND"]
[SourceTitle "playchess.com"]
[Source "ChessBase"]
[SourceQuality "1"]
[TimeControl "5400+30"]

1. d4 {[%emt 0:00:00]} Nf6 {[%emt 0:00:00]} 2. c4 {[%emt 0:00:02]} g6 {[%emt 0:00:00]} 3. Nc3 {[%emt 0:00:13]} Bg7 {[%emt 0:00:00]} 4. e4 {[%emt 0:00:05]} d6 {[%emt 0:00:04]} 5. Nf3 {[%emt 0:00:09]} O-O {[%emt 0:00:10]} 6. Be2 {[%emt 0:00:08]} e5 {[%emt 0:00:24]} 7. O-O {[%emt 0:00:34]} Nbd7 {[%emt 0:00:33]} 8. Be3 {[%emt 0:00:36]} Ng4 {[%emt 0:00:35]} 9. Bg5 {[%emt 0:00:08]} f6 {[%emt 0:00:07]} 10. Bc1 {[%emt 0:00:50]} g5 {[%emt 0:00:42]} 11. dxe5 {[%emt 0:06:30]} Ngxe5 {[%emt 0:01:18]} 12. Nd4 {[%emt 0:00:34]} Nc5 {[%emt 0:01:17]} 13. Be3 {[%emt 0:02:44]} a5 {[%emt 0:01:27]} 14. b3 {[%emt 0:07:08]} c6 {[%emt 0:07:56]} 15. f3 {[%emt 0:06:54]} Qc7 {[%emt 0:02:14]} 16. Qd2 {[%emt 0:02:09]} Ng6 {[%emt 0:04:25]} 17. Rfd1 {[%emt 0:03:58]} Rd8 {[%emt 0:00:41]} 18. Rac1 {[%emt 0:00:46]} Ne6 {[%emt 0:02:43]} 19. Nf5 {[%emt 0:01:30]} Bf8 {[%emt 0:00:11]} 20. Na4 {[%emt 0:01:14]} c5 {[%emt 0:00:46]} 21. g3 {[%emt 0:03:15]} Ng7 {[%emt 0:00:56]} 22. Bxc5 {[%emt 0:07:48]} Bxf5 {[%emt 0:01:31]} 23. Bb6 {[%emt 0:01:46]} Qc6 {[%emt 0:00:45]} 24. exf5 {[%emt 0:01:05]} Nxf5 {[%emt 0:00:31]} 25. Bxd8 {[%emt 0:00:42]} Rxd8 {[%emt 0:00:08]} 26. Qxa5 {[%emt 0:01:29]} Ne5 {[%emt 0:01:14]} 27. Qxd8 {[%emt 0:03:00]} Nxf3+ {[%emt 0:00:28]} 28. Bxf3 {[%emt 0:00:26]} Qxf3 {[%emt 0:00:10]} 29. Qe8 {[%emt 0:01:42]} Nxg3 {[%emt 0:00:36]} 30. hxg3 {[%emt 0:00:46]} Qxg3+ {[%emt 0:00:06]} 31. Kf1 {[%emt 0:00:06]} Qf3+ {[%emt 0:00:14]} 32. Ke1 {[%emt 0:00:08]} Qg3+ {[%emt 0:01:25]} 33. Kd2 {[%emt 0:01:39]} d5 {[%emt 0:01:50]} 34. cxd5 {[%emt 0:00:41]} Kg7 {[%emt 0:01:07]} 35. Kc2 {[%emt 0:00:48]} Bb4 {[%emt 0:01:35]} 36. Kb1 {[%emt 0:00:16]} Qf4 {[%emt 0:00:51]} 37. Qe6 {[%emt 0:00:37]} Ba3 {[%emt 0:00:36]} 38. Nb2 {[%emt 0:01:27]} Qh2 {[%emt 0:00:20]} 39. Rc2 {[%emt 0:00:24]} Qf4 {[%emt 0:00:13]} 40. d6 {[%emt 0:00:31]} Bb4 {[%emt 0:00:36]} 41. Rc7+ {[%emt 0:00:45]} Kg6 {[%emt 0:00:10]} 42. Qf7+ {[%emt 0:00:07]} Kf5 {[%emt 0:00:10]} 43. Qxh7+ {[%emt 0:00:11]} Kg4 {[%emt 0:00:09]} 44. Rc4 {[%emt 0:00:14]} Bxd6 {[%emt 0:00:18]} 45. Rxd6 {[%emt 0:00:10]} f5 {[%emt 0:00:06]} 46. Rd3 {[%emt 0:00:12]} Qe4 {[%emt 0:00:13]} 47. Qh3+ {[%emt 0:00:07]} Kf4 {[%emt 0:00:03]} 48. Qg3# {[%emt 0:00:05]} 1-0